| 000 | 02043nam0a2200313 i 4500 | ||
|---|---|---|---|
| 001 | RU\NLR\BIBL_A\011332451 | ||
| 005 | 20260407053018.0 | ||
| 010 |
_a9785767723645 _9100 |
||
| 021 |
_aRU _b2017-4535 _9319 |
||
| 035 | _a(NLR Aleph) 011332451 | ||
| 090 |
_a11142116 _c11142116 |
||
| 100 | _a20170221d2016 u y0rusy50 ca | ||
| 101 | 0 | _arus | |
| 102 | _aRU | ||
| 105 | _aac z 000zy | ||
| 200 | 1 |
_aОтзвук звонких струн скрипичных. Захар Шапиро _eбиографический очерк и воспоминания _fМинистерство культуры, по делам национальностей и архивного дела Чувашской Республики, Бюджетное профессиональное образовательное учреждение "Чебоксарское музыкальное училище им. Ф.П. Павлова" Минкультуры Чувашии _g[составители: М.З. Хазантун, Л.П. Казанцева _gредакционная коллегия: С.В. Белоус, канд. пед. наук, доцент, засл. работник культуры Республики Марий Эл и др.] |
|
| 210 |
_aЧебоксары _c[б.и.] _d2016 |
||
| 215 |
_a101, [1] c. _cил., портр. _d20 |
||
| 600 | 1 |
_aШапиро _bЗ.З. _f1940 - 2015 _gЗахар Зиновьевич _jВоспоминания, записки и т.п _92318712 _3RU\NLR\AUTH\6601612346 |
|
| 686 | 1 | _aЩ313(2Р-Чув)7-83Шапиро | |
| 702 | 1 |
_aХазантун _bМ.З. _4220 |
|
| 702 | 1 |
_aШапиро _bЗ.З. _f1940-2015 _gЗахар Зиновьевич _4570 |
|
| 702 | 1 |
_aБелоус _bС. В. _gСветлана Владимировна _4340 |
|
| 712 | 0 | 2 |
_4570 _aЧебоксарское музыкальное училище им. Ф. П. Павлова _3RU\NLR\AUTH\8810022838 _9543694 |
| 942 | _cBOOK | ||
| 980 | _aNBR | ||